OPAC | Catalogo Arcigay delle biblioteche LGBTQIA+

Il Catalogo di Arcigay delle Biblioteche LGBTQIA+ è un servizio fornito grazie alla collaborazione tra Arcigay nazionale e le associazioni locali aderenti al progetto che conservano e rendono pubbliche biblioteche a tema LGBTQIA+.

A mia madre piacciono le donne / (Record no. 28904)

MARC details
000 -LEADER
campo di controllo lung. fissa 01504ngm a22003497i 4500
001 - Numero di controllo
campo di controllo IT\ICCU\RAV\1250263
003 - Identificatore del numero di controllo
campo di controllo ItRI
005 - Data e orario dell'ultima transazione
campo di controllo 20260310154453.0
008 - Elementi di lunghezza fissa--Informazione generale
campo di controllo lung. fissa 040924s2004 it |||||||||||||||k|||||c
028 42 - Numero dell’editore o distributore
Numero dell’editore o distributore 861016EVDO
040 ## - Fonte della catalogazione
Lingua della catalogazione ita
Agenzia che fa la trascrizione Arcigay Genova
041 #7 - Codice di lingua
Codice di lingua del testo/traccia sonora o titolo separato ita
-- spa
Fonte del codice ISO-639-2
130 0# - Accesso principale--titolo uniforme
Titolo uniforme A mi madre le gustan las mujeres <film ; 2002>
245 00 - Formulazione del titolo
Titolo A mia madre piacciono le donne /
Formulazione di responsabilità, ecc. un film di Daniela Fejerman e Ines Paris ; musiche di Juan Bardem.
260 ## - Pubblicazione, distribuzione, ecc. (stampa)
Luogo di pubblicazione, distribuzione, ecc. Milano :
Nome dell'editore, distributore, ecc. Eagle Pictures [distributore!,
Data di pubblicazione, distribuzione, ecc. ©2004
300 ## - Descrizione fisica
Estensione 1 DVD video (ca. 95 min.) ;
Dimensioni in contenitore, 19 cm
500 ## - Nota generale
Nota generale Codice area: 2; PAL; widescreen 1.85:1; doppio strato; Dolby digital 2.0 surround; color
500 ## - Nota generale
Nota generale Tit. del contenitore
500 ## - Nota generale
Nota generale Produzione cinematografica Spagna 2002
500 ## - Nota generale
Nota generale Interpreti: Leonor Watling, Silvia Abascal, Maria Pujalte, Rosa Maria Sardà, Eliska Sirovà
500 ## - Nota generale
Nota generale Lingue: italiano, spagnolo; sottotitoli: italiano
500 ## - Nota generale
Nota generale Contenuti extra: intervista a Leonor Watling, interviste alle registe.
700 1# - Accesso aggiunto--nome di persona
Nome di persona Sarda, Rosa Maria
Numero del record di authority o numero standard IT\ICCU\RAVV\298923
700 1# - Accesso aggiunto--nome di persona
Nome di persona Fejerman, Daniela
Numero del record di authority o numero standard IT\ICCU\RAVV\396641
700 1# - Accesso aggiunto--nome di persona
Nome di persona Paris, Ines
Numero del record di authority o numero standard IT\ICCU\RAVV\396642
700 1# - Accesso aggiunto--nome di persona
Nome di persona Bardem, Juan
Numero del record di authority o numero standard IT\ICCU\RAVV\396643
700 1# - Accesso aggiunto--nome di persona
Nome di persona Abascal, Silvia
Numero del record di authority o numero standard IT\ICCU\RAVV\396644
700 1# - Accesso aggiunto--nome di persona
Nome di persona Pujalte, Maria
Numero del record di authority o numero standard IT\ICCU\RAVV\396645
700 1# - Accesso aggiunto--nome di persona
Nome di persona Sirovà, Eliska
Numero del record di authority o numero standard IT\ICCU\RAVV\396646
700 1# - Accesso aggiunto--nome di persona
Nome di persona Watling, Leonor
Numero del record di authority o numero standard IT\ICCU\UBOV\715813
942 ## - Dati aggiuntivi (Koha)
Fonte della classificazione o dello schema di collocazione (segnatura) Classificazione decimale Dewey
Tipo copia default (Koha) Materiali visivi
Nasconto in Opac No
Holdings
Status ritirato Status smarrito: Status danneggiato: Escluso dal prestito Biblioteca di appartenenza Biblioteca corrente Data di acquisti Numero d'inventario Totale prestiti Collocazione Codice a barre Data ultima revisione Prezzo effettivo da Tipo copia default (Koha) Nota pubblica Fonte della classificazione o dello schema di collocazione (segnatura)
        BOLOGNA | Centro di Documentazione "Flavia Madaschi" Cassero LGBTQIA+ Center BOLOGNA | Centro di Documentazione "Flavia Madaschi" Cassero LGBTQIA+ Center 24/01/2026 8684   VO 1069 BO8684 24/01/2026 24/01/2026 Materiali visivi 1 dvd  
        GENOVA | Arcigay Genova - Approdo Lilia Mulas A.P.S. GENOVA | Arcigay Genova - Approdo Lilia Mulas A.P.S. 10/03/2026     DVD 15 11802 10/03/2026 10/03/2026 Materiali visivi   Classificazione decimale Dewey
Se cerchi informazioni su Arcigay, le puoi trovare nel nostro sito: www.arcigay.it